000 00968nam a22002657a 4500
005 20120329115721.0
008 120329t xxu||||| |||| 00| 0 eng d
010 _aENG-104910
020 _a9788180549014
_c175.00
020 _a8180549011
_c175.00
035 _aEN-88443
037 _bDBAD/PUB
040 _adpl
_bEnglish
082 _a658.15
100 _aRustagi, R.P.
245 _aBasic financial management /
_cby R.P. Rustagi
250 _a4th enl. ed
260 _aNew Delhi
_bSultan Chand
_c2012
270 _a23, Darya Ganj,
_bNew Delhi
_e110 002
300 _axiv, 402p.
_c25cm(pbk )
650 _aFinancial management
_944508
942 _adpl
_cEN
_2ddc
_mRUS
_h658.15
999 _c64499
_d64499